Commentary on forest policy in the Asia-Pacific region : (a review for Indonesia, Malaysia, New Zealand, Papua New Guinea, Philippines, Thailand and Western Samoa)

Bibliographic Details
Main Author: HAMMOND
Corporate Author: Food and Agriculture Organization of the United Nations (FAO)
Format: Book
Published: Rome : Food and Agriculture Organization of the United Nations , 1997
Series:Asia-Pacific forestry sector outlook study working paper series ; no. APFSOS/WP/22
Subjects:

MARC

LEADER 00000cam a2200000 7i4500
001 0000002863
005 20040127.0
090 0 0 |a FAO634.92   |b HAM 1997 
100 1 0 |a HAMMOND   |h Don 
245 1 0 |a Commentary on forest policy in the Asia-Pacific region :   |b (a review for Indonesia, Malaysia, New Zealand, Papua New Guinea, Philippines, Thailand and Western Samoa)   |c by Don Hammond 
260 0 0 |a Rome :   |b Food and Agriculture Organization of the United Nations ,   |c 1997 
300 |a 80 p. ;   |c 30 cm. 
440 0 0 |a Asia-Pacific forestry sector outlook study working paper series ; no. APFSOS/WP/22 
500 0 0 |a Bibliography : p. 78-79 
650 0 0 |a Forest management 
650 0 0 |a Forest policy   |z Asia 
650 0 0 |a Forest policy   |z Pacific area 
650 0 0 |a Forests and forestry 
710 1 1 |a Food and Agriculture Organization of the United Nations (FAO) 
998 |a JPSM 
999 |a 0000004760   |b Monograph   |c Food and Agriculture Organization   |e Default branch 
999 |a 0000004761   |b Monograph   |c Food and Agriculture Organization   |e Default branch